000 00649nam a22001697a 4500
008 160604b xxu||||| |||| 00| 0 eng d
082 _22008
_aUT 0167
_bB64
100 _910147
_aBorja, Anna May O.
245 _aPedagogical practices in teaching language arts and communication skills among education students in UM Digos College/
_cAnna May O. Borja [and three others].
260 _aDigos City:
_bUMDC
_cOctober 2008.
300 _a66 pages;
_c28 cm.
650 0 _910145
_aEducation
_vEnglish
_xUndergraduate thesis.
700 _910141
_aDaligdig, Jorish L.
700 _910142
_aColoma, Lorna A.
700 _910144
_aDura, Juey B.
942 _2ddc
_cUT
999 _c3038
_d3038